| 000 | 00368nam a22001457a 4500 | ||
|---|---|---|---|
| 005 | 20180413105113.0 | ||
| 008 | 180413b xxu||||| |||| 00| 0 eng d | ||
| 020 | _a978-0-7506-8751-5 | ||
| 041 | _aeng | ||
| 082 |
_a621.3 _b22333 |
||
| 100 |
_aLinsley, Trevor _94272 |
||
| 245 | _aBASIC ELECTRICAL INSTALLATION WORK | ||
| 260 |
_aAMSTERDAM _bELSEVIER _c2008 |
||
| 942 | _cBK | ||
| 999 |
_c5687 _d5685 |
||